00843 2200181 4500245004500000020002200045250001100067100002000078700002500098650001500123005001900138260003700157041001400194084000800208300002600216500041000242336000900652 aPeduli LingkungancHarlina PribadihText a978-979-692-034-1 aCet. 1 aHarlina Pribadi aAnang Solihin Wardan aLingkungan a20230511073147 aBandungbRemaja Rosdakaryac2011 aIndonesia a628 aiii, 66 hlm. :cilus. aDengan mempelajari buku ini, diharapkan pembaca akan memiliki kebiasaan hidup bersih dan sehat, serta peduli terhadap lingkungan sekitar. Pelajarilah buku ini bersama keluarga dan teman-teman. Belajar bersama itu lebih menyenangkan. mencegah lebih baik daripada mengobati. Mencegah lebih murah dan mudah daripada mengobati. Mencegah penyakit dapat dilakukan oleh semua orang, baik dewasa maupun anak-anak. atext